| 000 | 00528nam a2200193Ia 4500 | ||
|---|---|---|---|
| 003 | GCL | ||
| 008 | 140319s9999 xx 000 0 eng d | ||
| 040 |
_aGCL / _cGCL |
||
| 082 | 0 | 4 |
_a616.994 _bB D |
| 100 | 1 | _aBLACKWELL, RICHARD E | |
| 245 | 1 | 0 |
_aDIAGNOSIS AND MANAGEMENT OF BREAST DISEASE / _cBLACKWELL, RICHARD E |
| 700 | 1 | _aGROTTING, JAMES C | |
| 260 |
_a[S.N] : _bBLACK WELL SCIENCE ، _c1996 |
||
| 300 | _a325 P | ||
| 650 | 0 | 4 | _aBREAST - DISEASES |
| 650 | 0 | 4 | _aDISEASES |
| 650 | 0 | 4 | _aBREAST - CANCER |
| 942 |
_2ddc _cBK |
||
| 999 |
_c13160 _d13160 |
||